Vectors and tensors in engineering and physics

Bibliographic Details
Main Author: Danielson, D. A. [ (Donald A.)] (Author)
Format: Book
Published: Reading, Mass. : Addison-Wesley , c1997
Edition:2nd ed.
Subjects:

MARC

LEADER 00000cam a2200000 7i4500
001 0000006703
005 20021119093000.0
020 |a 0201442108 
090 0 0 |a QA433   |b .D36 1997 
100 0 |a Danielson, D. A. [  |q (Donald A.)] ,   |e author 
245 0 0 |a Vectors and tensors in engineering and physics   |c D. A. Danielson 
250 |a 2nd ed. 
260 2 |a Reading, Mass. :   |b Addison-Wesley ,   |c c1997 
300 |a v, 282 p. ; ;   |c 25 cm. 
504 |a Includes bibliographical references (p. 225-229) and index 
650 0 |a Calculus of tensors 
999 |a 1000072719   |b Book   |c OPEN SHELF (30 DAYS)   |e Gong Badak Campus